U.S. Governors - Sudden Death - Statistics

General Stats
  • This quiz has been taken 102 times
  • The average score is 7 of 15
Answers on the Grid
Answers color-coded by a green-red scale on the quiz's grid according to % correct below.
Joe Biden
John Adams
Harry F. Byrd
Sam Houston
Tim Kaine
Benjamin Harrison
John D. Rockefeller
Henry Ford
George H. W. Bush
George W. Bush
Arnold Schwarzenegger
Douglas MacArthur
Harry F. Byrd Jr.
Neil Armstrong
Huey Long
Gavin Newsom
Stacy Abrams
Nelson Rockefeller
Tim Walz
J. D. Vance
Buzz Aldrin
Thomas Jefferson
George Wallace
Donald Trump
Thomas Dewey
Ruth Bader Ginsburg
Barry Goldwater
Patrick Henry
Jeb Bush
Dwight D. Eisenhower
Bernie Sanders
Kim Reynolds
 
Answer Stats
Answer % Correct
Arnold Schwarzenegger
67%
Gavin Newsom
67%
George W. Bush
67%
Tim Walz
67%
Jeb Bush
62%
Tim Kaine
62%
George Wallace
53%
Nelson Rockefeller
51%
Huey Long
47%
Sam Houston
44%
Kim Reynolds
36%
Thomas Dewey
36%
Thomas Jefferson
27%
Harry F. Byrd
22%
Patrick Henry
11%
No matching quizzes found
Score Distribution
Percent of People with Each Score
Percentile by Number Answered
Your Score History
You have not taken this quiz